000 00728 a2200205 4500
005 20260218120207.0
008 260218b |||||||| |||| 00| 0 eng d
020 _a9789360866204
_cरु 175.00
040 _aMAIN
082 _a891.4330171
_bVN58P
100 _aवर्मा, निर्मल
110 _aशाह, शम्पा, सम्पा.
245 _aप्रतिनिधि कहानियाँ: निर्मल वर्मा
250 _aLatest edition
260 _bराजकमल प्रकाशन
_c2024
_aनई दिल्ली
300 _a175
650 _aहिन्दी साहित्य
651 _aहिन्दी -कहानी
942 _cHN
999 _c393985
_d393985